Statistics for Name the K-Pop Idol based on their last name (Twice) (Multiple Choice)

Click here to take the quiz!

General Stats

  • This quiz has been taken 24 times
  • The average score is 8 of 9

Answer Stats

QuestionAnswer% Correct
Chou
100%
Hirai
95%
Kim
95%
Im
95%
Park
85%
Minatozaki
85%
Yoo
80%
Son
75%
Myoui
75%

Score Distribution

Percentile by Number Answered

Percent of People with Each Score

Your Score History

You have not taken this quiz